[Event "27.Schlosspark-Open"]
[Site "Wiesbaden-Biebrich"]
[Date "2015.08.29"]
[Round "5.1"]
[White "Kollars, Dmitrij"]
[Black "Malek, Daniel"]
[Result "1-0"]
[WhiteElo "2437"]
[BlackElo "2398"]
[PlyCount "117"]
[EventDate "2015.??.??"]
[WhiteTeam "Delmenhorster SK"]
[BlackTeam "Wiesbadener SV"]

1. e4 e5 2. Nf3 Nf6 3. d4 Nxe4 4. dxe5 d5 5. Nbd2 Nxd2 6. Qxd2 c5 7. Qf4 h6 8.
h4 Nc6 9. c3 Be6 10. h5 Qc7 11. Bd3 O-O-O 12. O-O Be7 13. Re1 g5 14. hxg6 fxg6
15. b4 g5 16. Qg3 cxb4 17. Bd2 Kb8 18. cxb4 Bxb4 19. Bxb4 Nxb4 20. Rec1 Qe7 21.
Nd4 Rc8 22. Bb5 a6 23. Nxe6 axb5 24. Nd4 Nc6 25. e6+ Qc7 26. Qe3 Qf4 27. Qxf4+
gxf4 28. Nxb5 Rce8 29. Re1 Rhf8 30. Rad1 Rf6 31. Rxd5 Rfxe6 32. Rxe6 Rxe6 33.
Rf5 Kc8 34. Rxf4 Ne7 35. Rc4+ Nc6 36. g3 Kd7 37. Kg2 Re2 38. a4 Re6 39. Kh3 Ke7
40. f4 Kf7 41. f5 Re3 42. Nd6+ Kf6 43. Rh4 Ne7 44. Rxh6+ Kg5 45. Rh7 b6 46.
Rg7+ Kf6 47. Rf7+ Kg5 48. Rf8 Nd5 49. Rg8+ Kf6 50. Rg6+ Ke7 51. Nc8+ Kf7 52.
Rd6 Nf6 53. Nxb6 Ne4 54. Rd7+ Ke8 55. Rg7 Kf8 56. Rg6 Kf7 57. Nc4 Rc3 58. Nd6+
Nxd6 59. Rxd6 1-0

[Event "27.Schlosspark-Open"]
[Site "Wiesbaden-Biebrich"]
[Date "2015.08.29"]
[Round "5.2"]
[White "Keller, Peter"]
[Black "Khenkin, Igor"]
[Result "0-1"]
[WhiteElo "2319"]
[BlackElo "2596"]
[PlyCount "116"]
[EventDate "2015.??.??"]
[WhiteTeam "Frankfurter TV"]
[BlackTeam "SG Porz"]

1. e4 c5 2. Nf3 Nc6 3. d4 cxd4 4. Nxd4 Qb6 5. Nb3 Nf6 6. Nc3 e6 7. Qe2 Bb4 8.
Bd2 O-O 9. a3 Be7 10. O-O-O d5 11. exd5 exd5 12. Be3 Qc7 13. Kb1 Rd8 14. h3 Be6
15. g4 Ne4 16. Nb5 Qc8 17. Qe1 Bh4 18. Nc5 a6 19. Nxe4 axb5 20. Bg5 Bxg5 21.
Nxg5 b4 22. axb4 Qb8 23. Rd3 Qd6 24. Nxe6 fxe6 25. b5 Ne5 26. Ra3 Rxa3 27. bxa3
d4 28. Qb4 Qd5 29. Rg1 d3 30. Bxd3 Nxd3 31. cxd3 Qxd3+ 32. Ka1 Qxh3 33. Rc1 Qd3
34. Kb2 h6 35. Qc4 Qd6 36. Kb3 Qe5 37. f4 Qe3+ 38. Rc3 Qe1 39. Kb2 Rd1 40. Qc8+
Kh7 41. Rc1 Rd2+ 42. Rc2 Rd4 43. f5 Rd5 44. Qe8 Qe5+ 45. Ka2 exf5 46. Qxe5 Rxe5
47. gxf5 Rxb5 48. Rf2 Rb6 49. Rh2 Kg8 50. a4 Kf7 51. Ka3 Rd6 52. Rc2 Rd7 53.
Re2 Kf6 54. Kb4 h5 55. Kb5 h4 56. a5 Rd1 57. Kb6 Rb1+ 58. Kc7 h3 0-1

[Event "27.Schlosspark-Open"]
[Site "Wiesbaden-Biebrich"]
[Date "2015.08.29"]
[Round "5.3"]
[White "Ikonnikov, Vyacheslav"]
[Black "Nagel, Bernhard"]
[Result "1-0"]
[WhiteElo "2519"]
[BlackElo "2192"]
[PlyCount "123"]
[EventDate "2015.??.??"]
[WhiteTeam "SF Bad Mergentheim"]
[BlackTeam "Wiesbadener SV"]

1. d4 Nf6 2. Nf3 e6 3. c4 b6 4. g3 Bb7 5. Bg2 Be7 6. O-O O-O 7. Bf4 d6 8. Nc3
Ne4 9. Rc1 Nd7 10. d5 Nxc3 11. Rxc3 e5 12. Bc1 a5 13. Qc2 Bc8 14. Bh3 Nc5 15.
Bxc8 Qxc8 16. Be3 Nd7 17. Ne1 f5 18. Ng2 Qe8 19. f3 Qh5 20. Qa4 Rfd8 21. Bf2
Bg5 22. Qc2 Rf8 23. h4 Be7 24. e4 Qf7 25. exf5 Qxf5 26. Qe2 Qg6 27. g4 Rae8 28.
Be3 h5 29. g5 Rf5 30. Rcc1 Bf8 31. Rf2 Qf7 32. Rcf1 g6 33. Qc2 Bg7 34. Qe4 Kh7
35. b3 Rf8 36. a3 Nc5 37. Bxc5 bxc5 38. Kh2 Qd7 39. Qc2 Qc8 40. a4 R8f7 41. Qd3
Qf8 42. Kg3 Re7 43. Re2 Ref7 44. Re4 Qc8 45. Qe2 Qb8 46. Qd1 Qb4 47. Qd3 Rf8
48. Ne3 Rf4 49. Nc2 Qb8 50. Rxf4 exf4+ 51. Kg2 Re8 52. Re1 Rxe1 53. Nxe1 Be5
54. Qc2 Qc8 55. Nd3 Qb8 56. Nxe5 dxe5 57. Qc3 Qe8 58. Qxa5 Qd7 59. Qe1 Qd6 60.
a5 Kg8 61. Qa1 e4 62. Qf6 1-0

[Event "27.Schlosspark-Open"]
[Site "Wiesbaden-Biebrich"]
[Date "2015.08.29"]
[Round "5.4"]
[White "Harff, Marcel"]
[Black "Levin, Felix"]
[Result "1/2-1/2"]
[WhiteElo "2313"]
[BlackElo "2503"]
[PlyCount "70"]
[EventDate "2015.??.??"]
[WhiteTeam "SG Hochneukirch"]
[BlackTeam "SV Mülheim-Nord"]

1. c4 c5 2. Nf3 Nc6 3. Nc3 g6 4. e3 Nf6 5. d4 cxd4 6. Nxd4 Bg7 7. Be2 O-O 8.
O-O d5 9. cxd5 Nxd5 10. Nxd5 Qxd5 11. Bf3 Qc5 12. Nxc6 bxc6 13. Qa4 Rb8 14. Rb1
Be6 15. b3 Qb5 16. Qxb5 cxb5 17. Bb2 Rfc8 18. Bxg7 Kxg7 19. Rfc1 b4 20. Kf1 a5
21. Ke1 f5 22. Rxc8 Rxc8 23. Kd2 Kf6 24. h4 h6 25. Bd1 g5 26. hxg5+ hxg5 27.
Ra1 Bd5 28. Bf3 Bf7 29. Bd1 Rc3 30. Bc2 g4 31. g3 Bd5 32. Bd1 Ke5 33. Rc1 Rxc1
34. Kxc1 Be4 35. Bc2 Bxc2 1/2-1/2

[Event "27.Schlosspark-Open"]
[Site "Wiesbaden-Biebrich"]
[Date "2015.08.29"]
[Round "5.5"]
[White "Poetsch, Hagen"]
[Black "Boidman, Yuri"]
[Result "1-0"]
[WhiteElo "2498"]
[BlackElo "2337"]
[PlyCount "57"]
[EventDate "2015.??.??"]
[WhiteTeam "SF Schöneck"]
[BlackTeam "SC Heimbach-Weis"]

1. e4 c5 2. Nf3 Nc6 3. d4 cxd4 4. Nxd4 Nf6 5. Nc3 d6 6. Bg5 e6 7. Qd2 a6 8.
O-O-O Bd7 9. f4 b5 10. Bxf6 gxf6 11. Kb1 Qb6 12. Nxc6 Bxc6 13. f5 b4 14. Ne2 e5
15. Ng3 h5 16. h4 Qc5 17. Qe2 Ke7 18. Nxh5 Bb5 19. Qg4 Rc8 20. Bxb5 Qxc2+ 21.
Ka1 axb5 22. Nxf6 Bh6 23. Nd5+ Kf8 24. Nxb4 Qc4 25. a3 Be3 26. f6 Rg8 27. Qd7
Rxg2 28. Rxd6 Kg8 29. Qh3 1-0

[Event "27.Schlosspark-Open"]
[Site "Wiesbaden-Biebrich"]
[Date "2015.08.29"]
[Round "5.6"]
[White "Minor, Samuel"]
[Black "Carlstedt, Jonathan"]
[Result "0-1"]
[WhiteElo "2160"]
[BlackElo "2463"]
[PlyCount "96"]
[EventDate "2015.??.??"]
[WhiteTeam "Wiesbadener SV"]
[BlackTeam "Hamburger SK"]

1. e4 e5 2. Nf3 Nc6 3. Bc4 Nf6 4. d3 Bc5 5. O-O a6 6. c3 Ba7 7. Be3 d6 8. Bxa7
Rxa7 9. Bb3 Bg4 10. h3 Bh5 11. Nbd2 Qd7 12. Qe1 h6 13. Qe3 Ra8 14. d4 g5 15.
Bd5 g4 16. Bxc6 bxc6 17. dxe5 gxf3 18. exf6 Rg8 19. Nxf3 Qxh3 20. Ne1 Rxg2+ 21.
Nxg2 Bf3 22. Qxf3 Qxf3 23. Rae1 Kd7 24. Re3 Qxf6 25. f4 Rg8 26. Rf2 Qe6 27. b3
Qg4 28. Kh2 h5 29. c4 h4 30. Rd2 Qe6 31. Rde2 Rg4 32. Rh3 Qf6 33. Rf3 Qa1 34.
Kh3 Qd1 35. Rff2 Rg3+ 36. Kh2 Rg8 37. Re3 Qd4 38. Rfe2 Rg4 39. Kh3 Qg7 40. Kh2
Rg3 41. Nxh4 Qg4 42. Rxg3 Qxe2+ 43. Rg2 Qxe4 44. Kg3 a5 45. Nf3 a4 46. Nd2 Qc2
47. Kf3 f5 48. Ke3 a3 0-1

[Event "27.Schlosspark-Open"]
[Site "Wiesbaden-Biebrich"]
[Date "2015.08.29"]
[Round "5.9"]
[White "Tran, Thanh Kien"]
[Black "Kersten, Uwe"]
[Result "1/2-1/2"]
[WhiteElo "2082"]
[BlackElo "2300"]
[PlyCount "26"]
[EventDate "2015.??.??"]
[WhiteTeam "SC Böblingen"]
[BlackTeam "Kasseler SK"]

1. d4 d6 2. c4 e5 3. Nc3 exd4 4. Qxd4 Nc6 5. Qd2 Nf6 6. g3 Be6 7. e4 g6 8. b3
Bg7 9. Bb2 O-O 10. Bg2 Nd7 11. Nge2 Nc5 12. O-O a5 13. Nd5 Ne5 1/2-1/2

[Event "27.Schlosspark-Open"]
[Site "Wiesbaden-Biebrich"]
[Date "2015.08.29"]
[Round "5.10"]
[White "Feicht, Arno"]
[Black "Nasshan, Dennis"]
[Result "0-1"]
[WhiteElo "2057"]
[BlackElo "2259"]
[PlyCount "154"]
[EventDate "2015.??.??"]
[WhiteTeam "SC Butzbach"]
[BlackTeam "SV Worms"]

1. d4 d5 2. Nc3 e6 3. e4 Nc6 4. Nf3 Nf6 5. e5 Ne4 6. Bd3 Bb4 7. O-O Nxc3 8.
bxc3 Bxc3 9. Rb1 Bb4 10. Ng5 Be7 11. Qh5 g6 12. Qg4 Nb4 13. Rd1 b6 14. h4 Nxd3
15. Rxd3 h6 16. Nf3 Ba6 17. Rc3 Qd7 18. Qf4 Rh7 19. Ba3 Be2 20. Nd2 a5 21. Qe3
Ba6 22. g3 Bd8 23. Rcb3 Qa4 24. R1b2 Ra7 25. Nb1 Qc4 26. Rd3 Ra8 27. Nd2 Qa4
28. Rdb3 Rc8 29. Rb1 g5 30. h5 Kd7 31. Kg2 Rb8 32. Rc1 Qc6 33. f3 Kc8 34. Kf2
Kb7 35. Rc3 Qa4 36. Rb1 Ka7 37. Rcb3 Rb7 38. R1b2 Rh8 39. Nb1 Qc4 40. Nd2 Qa4
41. Nb1 Kb8 42. Nc3 Qc4 43. Nb5 Qc6 44. Qd2 Qd7 45. Rb1 Rg8 46. Nc3 Qe8 47. g4
Qd7 48. Nd1 Re8 49. Ne3 Qa4 50. Qc3 Ka7 51. Qd2 Qc6 52. Rc3 Qd7 53. Rcb3 Qa4
54. Rc1 Qd7 55. Rcb1 f6 56. c3 fxe5 57. dxe5 Qg7 58. Qd4 Kb8 59. c4 c5 60. Bxc5
bxc5 61. Rxb7+ Bxb7 62. Qxc5 Qd7 63. cxd5 exd5 64. Nf5 Qc7 65. Qb5 Rxe5 66. Nd6
Re7 67. Nxb7 Qxb7 68. Qd3 Bb6+ 69. Kg2 Rc7 70. Qg6 Rc6 71. Qg8+ Ka7 72. Rb2 Rf6
73. Qe8 Rf7 74. Qb5 Rd7 75. Qd3 Qc6 76. Rb5 Qc4 77. Qb1 Qe2+ 0-1

[Event "27.Schlosspark-Open"]
[Site "Wiesbaden-Biebrich"]
[Date "2015.08.29"]
[Round "5.11"]
[White "Bingert, Tim Niklas"]
[Black "Köllner, Christof"]
[Result "1/2-1/2"]
[WhiteElo "2253"]
[BlackElo "2021"]
[PlyCount "109"]
[EventDate "2015.??.??"]
[WhiteTeam "SV Hofheim"]
[BlackTeam "SV Bergneustadt/Derschlag"]

1. e4 d6 2. d4 Nf6 3. Nc3 e5 4. Nf3 exd4 5. Nxd4 Be7 6. Be2 O-O 7. O-O a6 8. a4
c5 9. Nb3 Nc6 10. f4 Nb4 11. Bf3 Qc7 12. Re1 Rd8 13. Qe2 Bf8 14. Be3 Re8 15.
Bf2 b6 16. Qd2 Bb7 17. Nc1 Rad8 18. Nd5 Nbxd5 19. exd5 Rxe1+ 20. Bxe1 Re8 21.
Ne2 g6 22. Nc3 Qd7 23. Qd3 Bg7 24. Bd2 h5 25. Re1 Rxe1+ 26. Bxe1 Qe8 27. Bd2
Bc8 28. Qe2 Qxe2 29. Bxe2 Ne8 30. Nd1 Nc7 31. c4 Bf5 32. Bc3 Bc2 33. Bxg7 Bxd1
34. Bxd1 Kxg7 35. Kf2 a5 36. Ke3 Kf6 37. Bc2 Ne8 38. g3 Ng7 39. h3 Ne8 40. Bd3
Kg7 41. Kf3 Kh6 42. Bc2 Nc7 43. Bd3 Kg7 44. Bc2 Kf6 45. Bd3 Na6 46. Bc2 Nb4 47.
Bb1 Kg7 48. Ke4 Kf6 49. Kf3 Na6 50. Bc2 Ke7 51. Ke3 Nc7 52. Kf3 Ne8 53. Bd3 Ng7
54. Bc2 Kf6 55. Bd3 1/2-1/2

[Event "27.Schlosspark-Open"]
[Site "Wiesbaden-Biebrich"]
[Date "2015.08.29"]
[Round "5.12"]
[White "Biehl, Tim"]
[Black "Grimm, Julius"]
[Result "0-1"]
[WhiteElo "2013"]
[BlackElo "2201"]
[PlyCount "48"]
[EventDate "2015.??.??"]
[WhiteTeam "SVG Saarbrücken"]
[BlackTeam "Schachforum Darmstadt"]

1. e4 g6 2. d4 Bg7 3. Be3 d6 4. Nc3 a6 5. f4 b5 6. e5 Bb7 7. Nf3 Nd7 8. Bd3 c5
9. Be4 Qc8 10. O-O Nh6 11. Bxb7 Qxb7 12. dxc5 Ng4 13. Qd5 Qxd5 14. Nxd5 Nxe3
15. Nc7+ Kd8 16. Nxa8 Nxf1 17. Kxf1 Nxc5 18. Nb6 Kc7 19. Nd5+ Kd7 20. c4 Rb8
21. b4 Nd3 22. a4 bxc4 23. b5 e6 24. Nf6+ Bxf6 0-1

[Event "27.Schlosspark-Open"]
[Site "Wiesbaden-Biebrich"]
[Date "2015.08.29"]
[Round "5.13"]
[White "Schmitt, Carsten"]
[Black "Chandler, Patrick"]
[Result "1/2-1/2"]
[WhiteElo "1988"]
[BlackElo "2172"]
[PlyCount "61"]
[EventDate "2015.??.??"]
[WhiteTeam "SV Bergwinkel"]
[BlackTeam "SC Gelnhausen"]

1. c4 e5 2. g3 Nc6 3. Bg2 Bc5 4. Nc3 a5 5. e3 d6 6. Nge2 Nf6 7. a3 Bf5 8. d4
Ba7 9. d5 Ne7 10. e4 Bd7 11. Qd3 Ng4 12. Nd1 f5 13. f3 fxe4 14. fxe4 O-O 15.
Bf3 Ng6 16. h3 Nh6 17. Bg2 Qf6 18. Be3 Bxe3 19. Qxe3 b5 20. c5 c6 21. Rf1 Qe7
22. dxc6 Bxc6 23. cxd6 Qxd6 24. Ndc3 b4 25. Rxf8+ Rxf8 26. Rd1 Qb8 27. Nd5 bxa3
28. bxa3 Ba4 29. Rc1 Bb3 30. Qc5 a4 31. Qb6 1/2-1/2

[Event "27.Schlosspark-Open"]
[Site "Wiesbaden-Biebrich"]
[Date "2015.08.29"]
[Round "5.14"]
[White "Ungurean, Florin"]
[Black "Koch, Markus"]
[Result "1/2-1/2"]
[WhiteElo "1966"]
[BlackElo "2170"]
[PlyCount "105"]
[EventDate "2015.??.??"]
[WhiteTeam "SK Geisenheim"]
[BlackTeam "SC Brett vorm Kopp"]

1. d4 Nf6 2. Nf3 e6 3. Bf4 d5 4. e3 Bd6 5. Bg3 c5 6. c3 Nc6 7. Nbd2 O-O 8. Ne5
Qc7 9. f4 Ne4 10. Bd3 f6 11. Bxe4 dxe4 12. Nxc6 Qxc6 13. O-O b6 14. Qb3 Kh8 15.
Rfc1 Bb7 16. Kh1 Rae8 17. Rf1 Ba6 18. Rf2 cxd4 19. cxd4 Bd3 20. Rg1 a5 21. a3
b5 22. Qd1 Rc8 23. Qh5 a4 24. f5 Bxg3 25. hxg3 Qd5 26. Qh3 exf5 27. Rxf5 Qd7
28. g4 g6 29. Rf4 Qe6 30. Qh6 Rf7 31. g5 fxg5 32. Qxg5 Rf5 33. Rxf5 Qxf5 34.
Qh4 Qh5 35. Qxh5 gxh5 36. Nb1 Rc2 37. Nc3 Kg8 38. g4 h4 39. Rg2 Rc1+ 40. Rg1
Bf1 41. Nxe4 h3 42. Nc3 Bg2+ 43. Kh2 Rc2 44. Kg3 Rxb2 45. Rb1 Rd2 46. Rxb5 Rd3
47. Nxa4 Rxe3+ 48. Kh2 Rxa3 49. Rg5+ Kf7 50. Nc5 Ra2 51. Kg3 Kf6 52. Rh5 Kg6
53. Ne6 1/2-1/2

[Event "27.Schlosspark-Open"]
[Site "Wiesbaden-Biebrich"]
[Date "2015.08.29"]
[Round "5.15"]
[White "Stork, Oliver"]
[Black "Pfeffer, Marko"]
[Result "1/2-1/2"]
[WhiteElo "1934"]
[BlackElo "2124"]
[PlyCount "61"]
[EventDate "2015.??.??"]
[WhiteTeam "SV Oberursel"]
[BlackTeam "SC Bergen-Enkheim"]

1. c4 b6 2. d4 Bb7 3. Nc3 e6 4. a3 f5 5. d5 Nf6 6. g3 Bd6 7. Bg2 O-O 8. Nh3 Be5
9. Qc2 Bxc3+ 10. Qxc3 exd5 11. cxd5 Na6 12. Qc4 Kh8 13. b4 Rc8 14. O-O Qe8 15.
Bb2 c5 16. dxc6 dxc6 17. Nf4 Nc7 18. Rfd1 Ncd5 19. e3 Ne4 20. Nxd5 cxd5 21. Qd4
Rc7 22. Rac1 Rd7 23. Rc2 Qf7 24. Rdc1 Rfd8 25. a4 Nd6 26. Rd1 Nc4 27. Ba1 h6
28. Bc3 Kh7 29. b5 a6 30. Ra1 a5 31. Rd1 1/2-1/2

[Event "27.Schlosspark-Open"]
[Site "Wiesbaden-Biebrich"]
[Date "2015.08.29"]
[Round "5.16"]
[White "Muckle, Julius"]
[Black "Bolduan, Michael"]
[Result "1-0"]
[WhiteElo "2101"]
[BlackElo "1867"]
[PlyCount "45"]
[EventDate "2015.??.??"]
[WhiteTeam "SK Ludwigshafen"]
[BlackTeam "SC Taunusstein"]

1. d4 e6 2. c4 f5 3. Nc3 Nf6 4. g3 d5 5. Bg2 c6 6. Nf3 Bd6 7. O-O O-O 8. Qc2
Qe8 9. Rb1 Qh5 10. b4 Nbd7 11. b5 Ne4 12. bxc6 bxc6 13. cxd5 Nxc3 14. Qxc3 cxd5
15. Qc6 Nb6 16. Qxd6 Na4 17. Qc6 Nb6 18. Rxb6 axb6 19. Qxa8 h6 20. Ba3 Re8 21.
Rc1 Bd7 22. Qb7 Bc8 23. Rxc8 1-0

[Event "27.Schlosspark-Open"]
[Site "Wiesbaden-Biebrich"]
[Date "2015.08.29"]
[Round "5.17"]
[White "Kregelin, Jan"]
[Black "Köllner, Ruben Gideon"]
[Result "1/2-1/2"]
[WhiteElo "2093"]
[BlackElo "1790"]
[PlyCount "24"]
[EventDate "2015.??.??"]
[WhiteTeam "FVS ASP Hoyerswerda"]
[BlackTeam "SV Bergneustadt/Derschlag"]

1. d4 d5 2. c4 c6 3. Nf3 Nf6 4. Nc3 g6 5. e3 Bg7 6. Bd3 O-O 7. O-O Qc7 8. Bd2
Bf5 9. Bxf5 gxf5 10. Qb3 e6 11. Rac1 Qb6 12. Qxb6 axb6 1/2-1/2

[Event "27.Schlosspark-Open"]
[Site "Wiesbaden-Biebrich"]
[Date "2015.08.29"]
[Round "5.18"]
[White "Haas, Frank-Martin"]
[Black "Reinecke, Katharina"]
[Result "1/2-1/2"]
[WhiteElo "2151"]
[BlackElo "1765"]
[PlyCount "71"]
[EventDate "2015.??.??"]
[WhiteTeam "SV Walldorf"]
[BlackTeam "SK Langen"]

1. e4 c6 2. d4 d5 3. exd5 cxd5 4. c4 Nf6 5. Nc3 e6 6. Nf3 Bb4 7. cxd5 Nxd5 8.
Bd2 Nc6 9. Bd3 O-O 10. O-O b6 11. a3 Nxc3 12. bxc3 Be7 13. Qe2 Bb7 14. Rfd1 Rc8
15. h4 Na5 16. Ne5 Nb3 17. Qh5 f5 18. Be1 Nxa1 19. Rxa1 Bxh4 20. g4 Qg5 21.
Qxg5 Bxg5 22. gxf5 Rxf5 23. Bxf5 exf5 24. a4 h5 25. Rb1 Be4 26. Rb5 Bf4 27. f3
Bc2 28. Ng6 Bd6 29. a5 bxa5 30. Rd5 Rc6 31. Rxa5 Bb4 32. cxb4 Rxg6+ 33. Kh2 a6
34. b5 axb5 35. Rxb5 Rd6 36. Bf2 1/2-1/2

[Event "27.Schlosspark-Open"]
[Site "Wiesbaden-Biebrich"]
[Date "2015.08.29"]
[Round "5.19"]
[White "Brechlin, Olaf"]
[Black "Hermannsdörfer, Frank"]
[Result "0-1"]
[WhiteElo "1988"]
[BlackElo "2193"]
[PlyCount "62"]
[EventDate "2015.??.??"]
[WhiteTeam "FVS ASP Hoyerswerda"]
[BlackTeam "SV Liebschwitz"]

1. Nc3 Nf6 2. e4 d6 3. f4 d5 4. e5 d4 5. Nce2 d3 6. Ng3 dxc2 7. Qxc2 Nd5 8. Bc4
c6 9. N1e2 b5 10. Bxd5 Qxd5 11. O-O Bb7 12. Qe4 e6 13. Qxd5 cxd5 14. f5 Nc6 15.
fxe6 fxe6 16. d4 Be7 17. Be3 Rf8 18. Rxf8+ Bxf8 19. Rf1 Rc8 20. Nf4 Nd8 21. Rc1
Rxc1+ 22. Bxc1 Kf7 23. Bd2 Nc6 24. Nge2 b4 25. Kf2 Ba6 26. Be3 Be7 27. Ke1 Bd8
28. Kd2 Bb6 29. h4 Bb5 30. g4 a5 31. Kc2 Nxe5 0-1

[Event "27.Schlosspark-Open"]
[Site "Wiesbaden-Biebrich"]
[Date "2015.08.29"]
[Round "5.20"]
[White "Rochau, Normen"]
[Black "Pioch, Thomas"]
[Result "0-1"]
[WhiteElo "1917"]
[BlackElo "2157"]
[PlyCount "42"]
[EventDate "2015.??.??"]
[WhiteTeam "Karlsruher SF"]
[BlackTeam "SF Mainz"]

1. e4 e6 2. d4 d5 3. Nd2 Nf6 4. e5 Nfd7 5. Bd3 c5 6. c3 Nc6 7. Ne2 cxd4 8. cxd4
f6 9. Nf4 Nxd4 10. Qh5+ Ke7 11. Ng6+ hxg6 12. Qxh8 Nxe5 13. Bb1 Kf7 14. O-O Bd7
15. Qh4 Bc5 16. b4 Ne2+ 17. Kh1 Bd4 18. Nb3 Bxa1 19. Nxa1 Qh8 20. Qxh8 Rxh8 21.
h4 Rxh4# 0-1

[Event "27.Schlosspark-Open"]
[Site "Wiesbaden-Biebrich"]
[Date "2015.08.29"]
[Round "5.21"]
[White "Nuding, Matthias"]
[Black "Schöber, Sebastian"]
[Result "1-0"]
[WhiteElo "2126"]
[BlackElo "1943"]
[PlyCount "71"]
[EventDate "2015.??.??"]
[WhiteTeam "SC Noris-Tarrasch Nürnberg"]
[BlackTeam "SC Diez"]

1. Nf3 c5 2. c4 Nc6 3. g3 g6 4. Bg2 Bg7 5. Nc3 e5 6. d3 Nge7 7. O-O O-O 8. Be3
d6 9. Qc1 Nf5 10. Bg5 f6 11. Bd2 Be6 12. Rb1 Qd7 13. a3 Nfd4 14. Nxd4 exd4 15.
Nd5 Bh3 16. Re1 Bxg2 17. Kxg2 Rae8 18. h4 Rf7 19. Qc2 Qf5 20. e4 Qd7 21. Bf4 f5
22. exf5 Rxe1 23. Rxe1 Rxf5 24. Qe2 Be5 25. Bg5 h5 26. f4 Bg7 27. Qe6+ Qf7 28.
Qxd6 Ne5 29. Ne7+ Kh7 30. Nxf5 Nxd3 31. Re7 Qxf5 32. Qd7 Ne1+ 33. Kf2 Qc2+ 34.
Kxe1 Qb1+ 35. Kf2 Qxb2+ 36. Re2 1-0

[Event "27.Schlosspark-Open"]
[Site "Wiesbaden-Biebrich"]
[Date "2015.08.29"]
[Round "5.22"]
[White "Busche, Stefan"]
[Black "Mütsch, Annmarie"]
[Result "1/2-1/2"]
[WhiteElo "2117"]
[BlackElo "1914"]
[PlyCount "80"]
[EventDate "2015.??.??"]
[WhiteTeam "SVG Saarbrücken"]
[BlackTeam "SC Eppingen"]

1. e4 e5 2. Nf3 Nc6 3. Bb5 a6 4. Ba4 Nge7 5. O-O g6 6. c3 Bg7 7. d4 exd4 8.
cxd4 b5 9. Bb3 d6 10. h3 O-O 11. Re1 Bb7 12. Nc3 Na5 13. Bc2 h6 14. a4 b4 15.
Ne2 c5 16. Nf4 Nac6 17. Be3 cxd4 18. Nxd4 d5 19. Nxc6 Bxc6 20. Bd4 dxe4 21.
Bxg7 Kxg7 22. Qxd8 Raxd8 23. Bxe4 Rd4 24. Bxc6 Nxc6 25. Rac1 Na5 26. g3 Rfd8
27. Rc7 R8d7 28. Re7 Rxe7 29. Rxe7 Kf6 30. Ra7 Rd6 31. Ra8 Nc4 32. Rb8 a5 33.
Ra8 b3 34. Rb8 Nxb2 35. Rxb3 Nxa4 36. Rb5 Ra6 37. Nd5+ Kg7 38. Kf1 h5 39. h4
Rc6 40. Rxa5 Rc5 1/2-1/2

[Event "27.Schlosspark-Open"]
[Site "Wiesbaden-Biebrich"]
[Date "2015.08.29"]
[Round "5.23"]
[White "Modric, Vladimir"]
[Black "Carow, Annelen"]
[Result "0-1"]
[WhiteElo "1911"]
[BlackElo "2114"]
[PlyCount "110"]
[EventDate "2015.??.??"]
[WhiteTeam "SC Nied"]
[BlackTeam "SF Heidesheim"]

1. d4 Nf6 2. e3 c5 3. Nf3 d5 4. c3 e6 5. Bd3 Nc6 6. Nbd2 Bd6 7. O-O O-O 8. e4
cxd4 9. cxd4 Nb4 10. Bb1 dxe4 11. Nxe4 Be7 12. Nxf6+ Bxf6 13. Qe1 Nd5 14. Qe4
g6 15. Bh6 Re8 16. Ne5 Bg7 17. Bxg7 Kxg7 18. Bc2 Bd7 19. Bb3 Bb5 20. Rfe1 f6
21. Nf3 Bc6 22. Qg4 Qd6 23. Rad1 a5 24. a3 Rad8 25. Bc2 Qf4 26. Qxf4 Nxf4 27.
Be4 Nd5 28. Nd2 Ne7 29. Bxc6 Nxc6 30. Nf3 Rd5 31. Rc1 Kf7 32. h4 Red8 33. Rc5
R8d7 34. Rxd5 Rxd5 35. Rc1 Ke7 36. Rc5 Kd6 37. Nd2 Rxd4 38. Rc2 Rxh4 39. f3 Rd4
40. Ne4+ Ke7 41. Nc5 Nd8 42. Nb3 Rd1+ 43. Kh2 Nc6 44. Nc5 Nd8 45. Nb3 Rd5 46.
a4 Kd6 47. Nd2 Nc6 48. Ne4+ Ke7 49. Nc5 Nb4 50. Rc3 b6 51. Ne4 f5 52. Ng5 h6
53. Nh3 e5 54. Re3 Kf6 55. Rc3 Rd2 0-1

[Event "27.Schlosspark-Open"]
[Site "Wiesbaden-Biebrich"]
[Date "2015.08.29"]
[Round "5.24"]
[White "Pienski, Olaf"]
[Black "Schmitt, Clemens"]
[Result "1-0"]
[WhiteElo "2105"]
[BlackElo "1895"]
[PlyCount "53"]
[EventDate "2015.??.??"]
[WhiteTeam "SF Leherheide"]
[BlackTeam "SV Bergwinkel"]

1. e4 e6 2. d4 d5 3. Nc3 Nf6 4. Bg5 dxe4 5. Nxe4 Be7 6. Bxf6 Bxf6 7. Nf3 Be7 8.
Bd3 Nd7 9. Qe2 f5 10. Nc3 Nf6 11. O-O-O O-O 12. Rhe1 Bb4 13. Bc4 Ne4 14. Nxe4
fxe4 15. Nd2 b5 16. Bb3 Qxd4 17. c3 Bxc3 18. Nxe4 Bxb2+ 19. Qxb2 Qxb2+ 20. Kxb2
Bb7 21. Bxe6+ Kh8 22. f3 Rad8 23. Ng5 Rxd1 24. Rxd1 Bc8 25. Rd8 Rxd8 26. Nf7+
Kg8 27. Nxd8+ 1-0

[Event "27.Schlosspark-Open"]
[Site "Wiesbaden-Biebrich"]
[Date "2015.08.29"]
[Round "5.25"]
[White "Bader, Dominic"]
[Black "Gutacker, Stephan"]
[Result "1-0"]
[WhiteElo "2100"]
[BlackElo "1887"]
[PlyCount "58"]
[EventDate "2015.??.??"]
[WhiteTeam "SG Büchenbach/Roth"]
[BlackTeam "Sfr. Kelkheim"]

1. e4 e5 2. Nf3 Nc6 3. Bc4 Nf6 4. Ng5 d5 5. exd5 Nd4 6. c3 b5 7. Bf1 Nxd5 8.
cxd4 Qxg5 9. Bxb5+ Kd8 10. O-O exd4 11. d3 Qg6 12. Qf3 c6 13. h3 Rb8 14. Bc4
Be6 15. Na3 Bxa3 16. bxa3 Kd7 17. a4 Nc3 18. Bf4 Bxc4 19. Bxb8 Bxd3 20. Bg3
Ne2+ 21. Kh2 Nxg3 22. Rfd1 Nf1+ 23. Kg1 Be4 24. Rxd4+ Bd5 25. Rxd5+ cxd5 26.
Qxd5+ Qd6 27. Qxf7+ Kd8 28. Rxf1 Qd7 29. Qf3 Rf8 1-0

[Event "27.Schlosspark-Open"]
[Site "Wiesbaden-Biebrich"]
[Date "2015.08.29"]
[Round "5.26"]
[White "Klebs, Sebastian"]
[Black "Müller, Philipp"]
[Result "0-1"]
[WhiteElo "1890"]
[BlackElo "2095"]
[PlyCount "98"]
[EventDate "2015.??.??"]
[WhiteTeam "Karlsruher SF"]
[BlackTeam "SC Neckarsulm"]

1. e4 d6 2. d4 Nf6 3. Nc3 g6 4. Nf3 Bg7 5. h3 O-O 6. Be3 c6 7. a4 Qa5 8. Bd3
Na6 9. O-O Nb4 10. Re1 d5 11. e5 Nd7 12. Bg5 e6 13. Ne2 Re8 14. c3 Nxd3 15.
Qxd3 c5 16. Bd2 c4 17. Qc2 Nb6 18. b4 cxb3 19. Qxb3 Bd7 20. c4 dxc4 21. Qe3 Qa6
22. Qf4 Nd5 23. Qh4 Bxa4 24. Ng5 h6 25. Ne4 Qc6 26. Bxh6 Bc2 27. Bxg7 Kxg7 28.
N2c3 Bxe4 29. Nxe4 Rh8 30. Qg3 b5 31. Qf3 a5 32. Nd6 Qd7 33. Reb1 Rhb8 34. Qe2
Nc3 35. Qf3 Nxb1 36. Qf6+ Kg8 37. Rxb1 c3 38. Ne4 c2 39. Rf1 Qd8 40. Qf4 Kg7
41. Nd6 f5 42. Rc1 b4 43. Rxc2 b3 44. Rb2 a4 45. Qf3 Qc7 46. Qe3 a3 47. Qg5
axb2 48. Qf6+ Kh7 49. Qh4+ Kg8 0-1

[Event "27.Schlosspark-Open"]
[Site "Wiesbaden-Biebrich"]
[Date "2015.08.29"]
[Round "5.27"]
[White "Lang, Micha"]
[Black "Leidorf, Sebastian"]
[Result "0-1"]
[WhiteElo "1885"]
[BlackElo "2069"]
[PlyCount "100"]
[EventDate "2015.??.??"]
[WhiteTeam "SC Weiterstadt"]
[BlackTeam "SV Bergwinkel"]

1. c4 e6 2. g3 d5 3. Bg2 Nf6 4. Nf3 c5 5. cxd5 exd5 6. d4 Nc6 7. O-O Be7 8.
dxc5 Bxc5 9. Nc3 O-O 10. Bg5 d4 11. Ne4 Be7 12. Nxf6+ Bxf6 13. Bxf6 Qxf6 14.
Qb3 Re8 15. Rfe1 Re7 16. Rad1 Bg4 17. h3 Bh5 18. Rd2 Rae8 19. Kf1 Rd8 20. Red1
h6 21. Qa4 d3 22. Rxd3 Rxd3 23. Rxd3 Qxb2 24. Rd2 Qb1+ 25. Qd1 Qxd1+ 26. Rxd1
f6 27. Rd2 b6 28. Nh4 Ne5 29. Nf5 Rd7 30. Rxd7 Nxd7 31. Nd6 Bf7 32. Nxf7 Kxf7
33. Bd5+ Ke7 34. h4 Kd6 35. Bb3 Kc5 36. a3 Kd4 37. Ke1 Kc3 38. Bd5 Nc5 39. f3
a5 40. Kd1 Kb2 41. Kd2 Kxa3 42. e4 Kb2 43. f4 a4 44. e5 fxe5 45. fxe5 a3 46.
Ke3 Kc3 47. e6 Nxe6 48. Bxe6 b5 49. Ke2 b4 50. Kd1 b3 0-1

[Event "27.Schlosspark-Open"]
[Site "Wiesbaden-Biebrich"]
[Date "2015.08.29"]
[Round "5.29"]
[White "Ley, Sabrina"]
[Black "Werner, Dimo"]
[Result "1/2-1/2"]
[WhiteElo "1833"]
[BlackElo "2063"]
[PlyCount "22"]
[EventDate "2015.??.??"]
[WhiteTeam "SV Lahnstein"]
[BlackTeam "TSV Schott Mainz"]

1. d4 d5 2. c4 c6 3. Nc3 e6 4. Nf3 Nf6 5. Bg5 Nbd7 6. e3 a6 7. cxd5 exd5 8. Bd3
Be7 9. Qc2 O-O 10. O-O h6 11. Bh4 Nh5 1/2-1/2